000 00612nam a2200241Ia 4500
001 29512
005 20240114001136.0
007 ta
008 060630s1952 g b000 u 465 u
040 _aCotton College,Assam
041 _a465
082 _a915.1
_bS 72 C
100 _aSundarlal, .
245 0 _aChina Today /
_cSundarlal.
_hTextual Documents
250 _a1st ed. /
260 _aAllahabad :
_bHindustan Cultural Society ,
_c1952.
300 _a701p. ;
_c20cm.
653 _aGeography-China
653 _aG-Geography
942 _2ddc
_cBK
999 _c29494
_d29494